000 00467nam a2200181Ia 4500
001 23968
005 20260414151012.0
008 260414t2003||||xx |||||||||||||| ||spa||
041 _aESP
082 _a727.8
_bR81
100 _aRomero, Santi
_eAUT
245 0 _aLa arquitectura de la biblioteca :
_brecomendaciones para unproyecto integral
260 _c2003
300 _a366 páginas :
_c29 cm.
650 _aABD
654 _aCAU
942 _cLIB
_dJUS
_fJUS
_2ddc
_n
999 _c23968
_d23968